Nature and nation: (Record no. 145754)
[ view plain ]
| 000 -LEADER | |
|---|---|
| fixed length control field | 00756nam a2200193 4500 |
| 005 - DATE AND TIME OF LATEST TRANSACTION | |
| control field | 20180116152134.0 |
| 010 ## - LCCN (DPL NO) | |
| LC control number | 1718EN-30 |
| 020 ## - INTERNATIONAL STANDARD BOOK NUMBER | |
| International Standard Book Number | 9788178244594 |
| Terms of availability | 795.00 |
| 035 ## - SYSTEM CONTROL NUMBER | |
| System control number | B-682815-818 |
| 037 ## - SOURCE OF ACQUISITION | |
| Source of stock number/acquisition | Aakar |
| Stock number | dpl |
| 082 ## - DEWEY DECIMAL CLASSIFICATION NUMBER | |
| Classification number | 304.20954 |
| 100 ## - MAIN ENTRY--PERSONAL NAME | |
| Personal name | Rangarajan, Mahesh |
| 245 ## - TITLE STATEMENT | |
| Title | Nature and nation: |
| Statement of responsibility, etc | by Mahesh Rangarajan |
| Remainder of title | essays on environmental history / |
| 260 ## - PUBLICATION, DISTRIBUTION, ETC. (IMPRINT) | |
| Place of publication, distribution, etc | New Delhi |
| Name of publisher, distributor, etc | Permanent Black |
| Date of publication, distribution, etc | 2016 |
| 270 ## - ADDRESS | |
| Address | Himalayana, Mall Road, Ranikhet Cantt. |
| City | Ranikhet |
| Postal code | 263645 |
| 300 ## - PHYSICAL DESCRIPTION | |
| Extent | xiii,346p. |
| Other physical details | 21cm(Hb) |
| 942 ## - ADDED ENTRY ELEMENTS (KOHA) | |
| Source of classification or shelving scheme | Dewey Decimal Classification |
| Item type | English Books |
| Call number suffix | RAN |
| Classification part | 304.20954 |
| Withdrawn status | Lost status | Not for loan | Collection code | Home library | Current library | Date acquired | Source of acquisition | Cost, normal purchase price | Full call number | Barcode | Copy number | Cost, replacement price | Koha item type |
|---|---|---|---|---|---|---|---|---|---|---|---|---|---|
| Non-fiction | Ashok Vihar | Ashok Vihar | 16/01/2018 | Aakar/I-2012/30.11.17/BPPD/EN/2017-18/631/20.11.17/14.12.2017 | 795.00 | 304.20954 RAN | B-682816 | 1 | 795.00 | English Books | |||
| Non-fiction | Central Library | Central Library | 16/01/2018 | Aakar/I-2012/30.11.17/BPPD/EN/2017-18/631/20.11.17/14.12.2017 | 795.00 | 304.20954 RAN | B-682815 | 1 | 795.00 | English Books | |||
| Non-fiction | Janak Puri | Janak Puri | 16/01/2018 | Aakar/I-2012/30.11.17/BPPD/EN/2017-18/631/20.11.17/14.12.2017 | 795.00 | 304.20954 RAN | B-682818 | 1 | 795.00 | English Books | |||
| Non-fiction | Patel Nagar | Patel Nagar | 16/01/2018 | Aakar/I-2012/30.11.17/BPPD/EN/2017-18/631/20.11.17/14.12.2017 | 795.00 | 304.20954 RAN | B-682817 | 1 | 795.00 | English Books |
